Benson Boone - Fireworks & Rollerblades - Statistics

General Stats
  • This quiz has been taken 97 times
    19 since last reset
  • The average score is 14 of 18
Answer Stats
2024 Fireworks & Rollerblades % Correct
4 Beautiful Things
100%
2 Be Someone
93%
5 Cry
93%
8 Drunk In My Mind
93%
6 Forever and a Day
93%
12 Ghost Town
93%
7 In The Stars
93%
1 Intro
93%
14 Friend
86%
11 Hello Love
86%
9 My Greatest Fear
86%
3 Slow It Down
79%
10 There She Goes
79%
13 Love Of Mine
64%
16 What Do You Want
64%
15 Pretty Slowly
50%
18 To Love Someone
36%
17 Sugar Sweet
21%
No matching quizzes found
Score Distribution
Percent of People with Each Score
Percentile by Number Answered
Your Score History
You have not taken this quiz since the last reset